| 000 | 01056cad a22002055a 4500 | ||
|---|---|---|---|
| 001 | L140913 | ||
| 008 | 071017s2007 xxk f 000 0 eng d | ||
| 035 | _a(Sirsi) u140913 | ||
| 041 | 0 | _aeng | |
| 050 | 0 | 4 | _a711.52 $2 18 |
| 110 | 1 |
_aEnglish Heritage _92714 |
|
| 245 | 0 | 0 |
_aRegeneration in historic coastal towns _h[electronic resource] |
| 260 |
_aSwindon _bEnglish Heritage _c2007 |
||
| 520 | _aExplores how the historic nature of coastal towns can be used to forward the process of regeneration. The unique environment of such places can complement their contemporary appeal. They are attractive to people who want to live and work by the sea in modern sustainable towns. Uses case studies to show how the refurbishment and reuse of historic buildings can create the foundation for the regeneration of local economies. | ||
| 590 | _aKA | ||
| 651 | 4 |
_aEngland _y886- |
|
| 690 | _aPROPERTY-PROPERTY MANAGEMENT-REGENERATION | ||
| 856 | 4 | 0 |
_uhttps://www.helm.org.uk/server/show/nav.18087 _zView the item free of charge at www.helm.org.uk... |
| 942 | _n0 | ||
| 999 |
_c107570 _d107570 |
||